|
|
|
|
| LEADER |
01017cam a2200241 7i4500 |
| 001 |
0000030523 |
| 005 |
20131213090000.0 |
| 020 |
0 |
0 |
|a 9789678922692
|
| 090 |
0 |
0 |
|a M 351.595
|b PEK
|
| 245 |
0 |
0 |
|a Pekeliling kemajuan pentadbiran awam :
|b [Sejak 1991] :
|b [Sejak 1991] :
|b terbitan 2013.
|
| 260 |
0 |
0 |
|a Petaling Jaya:
|b International Law Book Service,
|c 2013.
|
| 300 |
# |
# |
|a 809 p.
|
| 650 |
0 |
0 |
|a Public administration --
|z Malaysia
|
| 650 |
0 |
0 |
|a Civil service --
|x Personnel management --
|z Malaysia
|
| 650 |
0 |
0 |
|a Civil service --
|x Training --
|z Malaysia
|
| 650 |
0 |
0 |
|a Civil ethics --
|z Malaysia
|
| 650 |
0 |
0 |
|a Office practice in government --
|z Malaysia
|
| 651 |
0 |
0 |
|a Malaysia
|
| 999 |
|
|
|a B000033736
|b Book
|c Malaysia
|e Business Information Centre
|
| 999 |
|
|
|a B000033737
|b Book
|c Malaysia
|e Business Information Centre
|
| 999 |
|
|
|a B000033738
|b Book
|c Malaysia
|e Business Information Centre
|
| 999 |
|
|
|a B000033739
|b Book
|c Malaysia
|e Business Information Centre
|
| 999 |
|
|
|a B000033740
|b Book
|c Malaysia
|e Business Information Centre
|